000 00504nam a2200169Ia 4500
003 GCL
008 140319s9999 xx 000 0 ara d
040 _aGCL /
_cGCL
082 0 4 _aد
_b050
100 1 _aغالى شكرى
245 1 0 _aصراع الاجيال فى الادب المعاصر ( اقرا342 ) /
_cغالى شكرى
300 _a160 ص
490 _aوثائق ونصوص
_v0
650 0 4 _aالعصر الحديث
650 0 4 _aالادب العربى - مجموعات
942 _2ddc
_cCF
999 _c27314
_d27314